000 01117nam a22002417a 4500
005 20100609111028.0
008 100609t xxu||||| |||| 00| 0 hin d
010 _aHIN-89521
020 _a9788173156762
_c150.00
035 _aHN-61867
037 _bDBAD / PUB
040 _aDPL
_bHN
082 _a301.153
100 _aराजेंद्र प्रसाद
_921303
245 _aगांधीजी की देन /
_cराजेंद्र प्रसाद
246 _aGadhiji ki den /
_bby Rahebdra Prasad
260 _aनई दिल्ली
_bप्रभात प्रकाशन
_c2009
270 _a4/19 आसफ अली रोड
_bनई दिल्ली
_e110002
300 _a128पृ
_c22सेमी (सजिल्द)
500 _a(गांधीजी के गुण, कार्य और सिद्धांतों पर विचार) /
942 _2ddc
_cHN
_mराजेंद्र
999 _c36639
_d36639